Ordenanza de aduanas anotada, comentada y normas anexas

I tiakina i:
Ngā taipitopito rārangi puna kōrero
Kaituhi matua: Vendrell Buffo, Monserrat Sofía (Author)
Hōputu: Pukapuka
Reo:Pāniora
I whakaputaina: Santiago Legis 2013
Putanga:1a. ed
Ngā marau:
Ngā Tūtohu: Tāpirihia he Tūtohu
Kāore He Tūtohu, Me noho koe te mea tuatahi ki te tūtohu i tēnei pūkete!

MARC

LEADER 00000cam a2200000 a 4500
001 UCF7865
003 CL-VaPUC
008 130711e20130000CL |||||||||||||||||spa|d
020 |a 9789567498758 
082 0 4 |a 343.83056  |b VEN  |2 21 
100 0 |a Vendrell Buffo, Monserrat Sofía  |e author  |9 569982 
245 1 0 |a Ordenanza de aduanas anotada, comentada y normas anexas 
250 |a 1a. ed 
300 |a 257 p 
942 |c BK 
945 |d 20130711 00:00:00  |a dcastane 
260 |a Santiago  |b Legis  |c 2013 
650 0 |a Aduanas  |9 255492 
650 0 |a Arancel aduanero  |9 383785 
650 0 |a Derecho tributario  |9 258895 
650 0 |a Franquicias tributarias   |9 384092 
650 0 |a Derecho aduanero  |9 324531 
650 0 |a Jurisprudencia  |9 255952 
650 7 |a COMERCIO INTERNACIONAL  |2 CL-VaPUC  |9 569983 
583 |a last modification  |c 20181115 05:51:12  |k Rodrigo Vera 
999 |c 352612  |d 352610 
952 |0 0  |1 0  |4 0  |6 343_830560000000000_VEN_2013  |7 0  |8 A  |9 457209  |a BIBDER  |b BIBDER  |d 2019-11-22  |i 4985729  |o 343.83056 VEN 2013  |p 4985729  |r 2023-01-25  |w 2019-11-22  |y BK  |k DER